Úloha manažérov v kríze

Kríza zasahuje celú spoločnosť globálne a celoplošne. Nevyhnutne sa prejavuje aj v každom podniku. Význam úlohy krízových manažérov v podniku.

Guardado en:
Detalles Bibliográficos
Autor principal: Záležáková, Eliška
Formato: Capítulo de libro
Lenguaje:eslovaco
Materias:
Etiquetas: Agregar Etiqueta
Sin Etiquetas, Sea el primero en etiquetar este registro!

MARC

LEADER 00000naa$a2200000$$$4500
001 0180908
005 20240502073108.5
041 0 |a slo 
044 |a SK 
245 1 0 |a Úloha manažérov v kríze  |c Eliška Záležáková 
520 |a Kríza zasahuje celú spoločnosť globálne a celoplošne. Nevyhnutne sa prejavuje aj v každom podniku. Význam úlohy krízových manažérov v podniku. 
610 2 0 |a manažéri 
610 2 0 |a osobnosť 
610 2 0 |a kríza 
610 2 0 |a zaťaženie pracovné 
610 2 0 |a stresy 
100 1 |a Záležáková, Eliška